Web-based learning through educational informatics : Information science meets educational computing
This book explores the role of information seeking and retrieval in the development of information systems to support personalized and autonomous learning by introducing key concepts from information science
Saved in:
| Main Author: | |
|---|---|
| Format: | Book |
| Language: | Undetermined |
| Published: |
Hershey, PA
Information Science Pub.
c2008
|
| Subjects: | |
| Tags: |
Add Tag
No Tags, Be the first to tag this record!
|
| Institutions: | Trung tâm Học liệu Trường Đại học Cần Thơ |
|---|
| LEADER | 00883nam a2200205Ia 4500 | ||
|---|---|---|---|
| 001 | CTU_153703 | ||
| 008 | 210402s9999 xx 000 0 und d | ||
| 082 | |a 371.33 | ||
| 082 | |b F711 | ||
| 100 | |a Ford, Nigel | ||
| 245 | 0 | |a Web-based learning through educational informatics : | |
| 245 | 0 | |b Information science meets educational computing | |
| 245 | 0 | |c Nigel Ford | |
| 260 | |a Hershey, PA | ||
| 260 | |b Information Science Pub. | ||
| 260 | |c c2008 | ||
| 520 | |a This book explores the role of information seeking and retrieval in the development of information systems to support personalized and autonomous learning by introducing key concepts from information science | ||
| 650 | |a Internet in education,Computer-assisted instruction,Giảng dạy bằng máy tính,Liên mạng | ||
| 904 | |i Trọng Hiếu | ||
| 980 | |a Trung tâm Học liệu Trường Đại học Cần Thơ | ||